| 000 | 00582nam a2200193 a 4500 | ||
|---|---|---|---|
| 001 | 000012560 | ||
| 005 | 20240530073914.0 | ||
| 008 | 091113s1989 dr 000 f spa d | ||
| 040 |
_aDO-SdBNP _bspa _cBNPHU |
||
| 082 |
_aRD863.44 _bM463s |
||
| 100 | 1 |
_aMax, Jo Ji _929267 |
|
| 245 | 1 | 0 |
_aSiento infinitamente darte esta agonÃa / _cJo Ji Max. |
| 260 |
_aSanto Domingo : _bTaller, _c1989. |
||
| 300 |
_a111 p. ; _c19 cm. |
||
| 590 | _aInventariado, 2019/BT | ||
| 650 | 0 |
_aNovela dominicana _9223 |
|
| 650 | 0 |
_aLiteratura dominicana. _967 |
|
| 910 | _aValidado. Control de calidad MFF | ||
| 999 |
_c12215 _d12215 |
||